Toán học 3 (Dành cho Hs THPT)

שמור ב:
מידע ביבליוגרפי
פורמט: ספר
תגים: הוספת תג
אין תגיות, היה/י הראשונ/ה לתייג את הרשומה!
Thư viện lưu trữ: Mạng thư viện Đại học Đà Nẵng
LEADER 00406nam a22001691a 4500
001 000040198
003 16493
005 20160412022855.0
008 160412s0 000
082 |a 4N(TK)1753 
245 |a Toán học 3 (Dành cho Hs THPT) 
OWN |a LNN 
999 |a From the UDN01 
TYP |a Monograph 
980 |a Mạng thư viện Đại học Đà Nẵng